Del origen y milagros de N.S. de Candelaria que apareció en la isla de Tenerife, con la descripción de esta isla / (Record no. 153963)

MARC details
000 -LEADER
campo de control de longitud fija 01067nam a2200217 i 4500
001 - NÚMERO DE CONTROL
campo de control 153963
003 - IDENTIFICADOR DE NÚMERO DE CONTROL
campo de control ES-MaACL
005 - FECHA Y HORA DE LA ÚLTIMA TRANSACCIÓN
campo de control 20250930063132.0
008 - DATOS DE LONGITUD FIJA--INFORMACIÓN GENERAL
campo de control de longitud fija 931025s1848 sp |||| | spa d
100 1# - ENTRADA PRINCIPAL--NOMBRE DE PERSONA
Nombre de persona Espinosa, Alonso de,
Títulos y otros términos asociados al nombre (O.P.)
9 (RLIN) 126967
245 10 - MENCIÓN DEL TÍTULO
Título Del origen y milagros de N.S. de Candelaria que apareció en la isla de Tenerife, con la descripción de esta isla /
Mención de responsabilidad, etc. compuesto por el P Fr. Alonso de Espinosa de la orden de Predicadores, y predicador de ella.
260 ## - PUBLICACIÓN, DISTRIBUCIÓN, ETC.
Lugar de publicación, distribución, etc. Santa Cruz de Tenerife :
Nombre del editor, distribuidor, etc. [s.n.],
Fecha de publicación, distribución, etc. 1848 (
Fabricante Imp. y Librería Isleña, Reg. Miguel Miranda)
300 ## - DESCRIPCIÓN FÍSICA
Extensión XIV, 95, [3] p. ;
Dimensiones 21 cm.
530 ## - NOTA DISPONIBLE DE FORMULARIO FÍSICO ADICIONAL
Nota de formato físico adicional disponible Disponible en formato digital.
595 #1 -
-- Reimpresión basada en la ed. de: Sevilla, 1594.
650 #4 - PUNTO DE ACCESO ADICIONAL DE MATERIA--TÉRMINO DE MATERIA
Término de materia o nombre geográfico como elemento de entrada Virgen de Candelaria.
9 (RLIN) 157869
651 #4 - PUNTO DE ACCESO ADICIONAL DE MATERIA--NOMBRE GEOGRÁFICO
Nombre geográfico Tenerife-
Subdivisión general Historia.
9 (RLIN) 157870
852 ## - LOCALIZACIÓN
Ubicación ES-MaACL
Número de control de estantería G-11538(6)
Nota libre -- Enc. hol.
condición física -- Falto de la cub. original
Nota libre -- Enc. en un vol. facticio
856 ## - LOCALIZACIÓN Y ACCESO ELECTRÓNICOS
Identificador Uniforme de Recursos <a href="http://bdh-rd.bne.es/viewer.vm?id=0000000435&page=1 ">http://bdh-rd.bne.es/viewer.vm?id=0000000435&page=1 </a>
Nota pública Biblioteca Digital Hispánica
Holdings
Estatus retirado Estado de pérdida Estado de daño No para préstamo Colección Biblioteca de origen Biblioteca actual Ubicación en estantería Fecha de adquisición Total de préstamos Signatura topográfica completa Código de barras Visto por última vez Precio de reemplazo Tipo de ítem Koha
        Colección digital Biblioteca del Ateneo de Madrid Biblioteca del Ateneo de Madrid Sala Pecera Planta 3 17/01/2008   G-11538(6) 1160973 23/02/2023 23/02/2023 Libro impreso antiguo